000 01414nam a2200361 i 4500
001 000038037
003 DO-SdBNP
005 20260305131040.0
007 ta
008 130312s2012 dr ac 000 0 spa d
020 _a9789945074543
040 _aDO-SdBNP
_bspa
_cBNPHU
_erda
041 _aspa
082 4 _axxx
_bC343v
_222
100 _aCassá Quirós, Constancio Bernaldo de,
_d1953-
_eautor
_4aut.
_95204
245 1 0 _aValle nuevo :
_bel parque Juan B. Pérez Rancier y su altiplano /
_cConstancio Cassá ; presentación, Frank Moya Pons, Ricardo García, Roberto Cassá
264 1 _aSanto Domingo :
_bArchivo General de la Nación,
_c2012.
300 _a229 páginas :
_bilustraciones, retratos ;
_c24 cm.
336 _atexto
_btxt
_2rdacontent
337 _asin mediación
_bn
_2rdamedia
338 _avolumen
_bnc
_2rdacarrier
490 1 _aColección Archivo General de la Nación
_v164
500 _aIncluye datos biografícos del autor en la solapa de la contracubierta.
500 _aIncluye referencias bibliográfiicas y notas al pie de las páginas
500 _aIncluye índice onomástico
504 _aBibliografía : páginas 201-204
590 _aInventariado, 2024/ YL
700 1 _aMoya Pons, Frank,
_epresentación
_984999
700 1 _aGarcía, Ricardo,
_epresentación
_917889
700 1 _aCassá, Roberto,
_epresentación
_981564
910 _aYLockward
942 _2ddc
_cLBS1
999 _c37527
_d37527